00728nam a2200241 a 4500001001300000003000900013005001700022008004100039020001000080082002100090100002400111245006200135260003800197300000800235500003500243505001000278650002300288700002400311902000800335942000700343952012100350999001500471nice12345678IN_TiNIC20260116011407.0050524s1961 dela grp 000 0 urd  ac10000a909.0491411bFAR aFariq, Khurshid Ali aTarikh-I-Hind Par Nai Raushnib Arabikiek Qalami Kitab Se aDelhibNadwatul Musannifeenc1961 a96p aincludes index and biblioraphy2 aIndex aCivilization-India1 aFariq, Khurshid Ali bRHR cBK 001040708ReferHall-aHMIbHMId2007-06-05g100.00l0o909.0491411 FARp03757r2007-06-05v100.00w2005-05-24yBK c1135d1135